Sistemas de producción rural / (Registro nro. 18155)
[ vista simple ]
| 000 -CABECERA | |
|---|---|
| Campo de control | 01555nam a22003257a 4500 |
| 005 - FECHA Y HORA DE LA ULTIMA TRANSACCION | |
| Campo de control | 20200104041738.0 |
| 008 - ELEMENTOS DE LONGITUD FIJA—INFORMACION GENERAL | |
| Campo de control | 160219b2015 ck ado |r|||| 00| 0 spa d |
| 020 ## - ISBN | |
| ISBN | 9789588889535 |
| 040 ## - FUENTE DE CATALOGACIÓN | |
| Agencia catalogadora original | CO-BoIAVH |
| Agencia transcriptora | CO-BoIAVH |
| 041 0# - IDIOMA | |
| Código de idioma para texto/pista de sonido o título separado | Español |
| 044 ## - PAÍS DE PUBLICACIÓN | |
| País de publicación | Colombia |
| 082 04 - NUMERO DE CLASIFICACION DECIMAL DEWEY | |
| Número de clasificación | 304.2 |
| Número del ítem | H71t3 |
| 100 1# - ASIENTO PRINCIPAL--NOMBRE PERSONAL | |
| Nombre personal | Rojas, Alberto |
| 9 (RLIN) | 13367 |
| 245 10 - MENCION DE TITULO | |
| Título | Sistemas de producción rural / |
| Mención de responsabilidad | por Alberto Rojas |
| 250 ## - MENCION DE EDICION | |
| Mención de edición | Primera edición |
| 260 ## - PUBLICACION, DISTRIBUCION, ETC. (PIE DE IMPRENTA) | |
| Lugar de publicación, distribución, etc. | Bogotá : |
| Nombre del editor, distribuidor, etc. | Instituto de Investigación de Recursos Biológicos Alexander von Humboldt, |
| Fecha de publicación, distribución, etc. | 2015. |
| 300 ## - DESCRIPCION FISICA | |
| Extensión | 84 páginas : |
| Otros detalles físicos | ilustraciones, diagramas y fotografías a color ; |
| Dimensiones | 21 x 30 cm. |
| 490 0# - MENCION DE SERIE | |
| Mención de serie | Colección hojas de ruta: Guías para estudio socioecológico de altamontaña en Colombia ; |
| Designación numérica/secuencial del volumen | 3 |
| 504 ## - NOTA DE BIBLIOGRAFIA, ETC. | |
| Nota de bibliografía | Incluye referencias bibliográficas: páginas 81-82. |
| 505 0# - NOTA DE CONTENIDO | |
| Nota de contenido | 1. Punto de partida.<br/> |
| 505 0# - NOTA DE CONTENIDO | |
| Nota de contenido | 2. Recorriendo el camino.<br/> |
| 505 0# - NOTA DE CONTENIDO | |
| Nota de contenido | 3. Otros caminos.<br/> |
| 520 ## - NOTA DE RESUMEN, ETC. | |
| Nota de resumen | Los sistemas ecológicos, en este caso los páramos, han sido espacios en constante interacción con las sociedades humanas a lo largo de la historia, y su configuración actual es el resultado de dicho proceso, constituyendo lo que desde las ciencias de la sostenibilidad se define como ecosistemas. |
| 650 #6 - ASIENTO SECUNDARIO DE MATERIA - TERMINO TEMATICO | |
| Término temático o nombre geográfico como elemento de entrada | Páramos |
| 9 (RLIN) | 92513 |
| 650 #4 - ASIENTO SECUNDARIO DE MATERIA - TERMINO TEMATICO | |
| Término temático o nombre geográfico como elemento de entrada | Sistemas de producción |
| Subdivisión general | caracterización |
| 9 (RLIN) | 61315 |
| 650 #4 - ASIENTO SECUNDARIO DE MATERIA - TERMINO TEMATICO | |
| Término temático o nombre geográfico como elemento de entrada | Ecología del paisaje |
| 9 (RLIN) | 92227 |
| 650 #4 - ASIENTO SECUNDARIO DE MATERIA - TERMINO TEMATICO | |
| Término temático o nombre geográfico como elemento de entrada | Investigación social-ecológica |
| 9 (RLIN) | 61224 |
| 710 2# - ASIENTO SECUNDARIO - NOMBRE CORPORATIVO | |
| Nombre corporativo o de jurisdicción como elemento de entrada | Instituto de Investigación de Recursos Biológicos Alexander von Humboldt. |
| 9 (RLIN) | 204 |
| 942 ## - ELEMENTOS ADICIONALES (KOHA) | |
| Sistema de clasificación | Dewey Decimal Classification |
| Tipo de ítem | Libro |
| Koha issues (borrowed), all copies | 3 |
| Withdrawn status | Lost status | Sistema de Clasificación | Damaged status | No para préstamo | Colección | Inventariado | Ubicación Permanente | Ubicación actual | Fecha de adquisición | Fuente de Valor | Valor | Total Checkouts | Número topográfico | Inventario / Código de Barras | Date last seen | Date checked out | Ejemplar | Price effective from | Forma de adquisición | Tipo de material |
|---|---|---|---|---|---|---|---|---|---|---|---|---|---|---|---|---|---|---|---|---|
| Dewey Decimal Classification | Humboldt | Inventariado 2017 | Bogotá | Bogotá | 19/02/2016 | Instituto | 39000.00 | 8 | IAVH-304.2 H71t3 | 039825 | 17/10/2019 | 02/10/2019 | Ej. 1 | 19/02/2016 | Institucional | Libro | ||||
| Dewey Decimal Classification | Humboldt | Inventariado 2017 | Sala Fabio Quevedo | Sala Fabio Quevedo | 19/02/2016 | Instituto | 39000.00 | IAVH-304.2 H71t3 | 039826 | 19/02/2016 | Ej. 2 | 19/02/2016 | Institucional | Libro |